LIBRARY & INFORMATION CENTRE, KCAET, TAVANUR

ONLINE PUBLIC ACCESS CATALOGUE (OPAC)

Normal view MARC view
  • Phull, DS

Entry Personal Name

Number of records used in: 1

001 - CONTROL NUMBER

  • control field: 7135

003 - CONTROL NUMBER IDENTIFIER

  • control field: OSt

005 - DATE AND TIME OF LATEST TRANSACTION

  • control field: 20250213122917.0

008 - FIXED-LENGTH DATA ELEMENTS

  • fixed length control field: 250213|| aca||aabn | a|a d

040 ## - CATALOGING SOURCE

  • Original cataloging agency: OSt
  • Transcribing agency: OSt

100 ## - HEADING--PERSONAL NAME

  • Personal name: Phull, DS

670 ## - SOURCE DATA FOUND

  • Source citation: Work cat.: (OSt)19368: Phull, DS, Career's General Knowledge Digest, 1997.
free website counter